| 000 | 01453 a2200253 4500 | ||
|---|---|---|---|
| 001 | 44689 | ||
| 005 | 20260407155722.0 | ||
| 008 | 260407a2014 arg spa d | ||
| 003 | AR-UNSa-BCEJYS | ||
| 040 |
_aAR-UNSa-BCEJYS _bspa _cAR-UNSa-BCEJYS |
||
| 080 |
_a658.5 _xPlanificación y control de la producción |
||
| 245 | 1 | 0 | _aPrincipios de administración de operaciones |
| 020 | _a978-607-32-2336-2 | ||
| 250 | _a9a. ed. | ||
| 264 | 1 |
_aMéxico : _bPearson Educación _c2014 |
|
| 300 |
_axxviii, 664 p. _c27 cm. |
||
| 505 | _a1. Operaciones y productividad - 2. Estrategia de operaciones en un entorno global - 3. Administración de proyectos - 4. Pronósticos - 5. Diseño de bienes y servicios - 6. Administración de la calidad - 7. Estrategia del proyecto - 8. Estrategias de localización - 9. Estrategias de distribución de instalaciones - 10. Recursos humanos, diseño y medición del trabajo - 11. Administración de la cadena de suministro - 12. Administarción de inventarios - 13. Planeación agregada y PVyO - 14. Planeación de los requerimientos de materiales (MRP) y ERP - 15. Programación a corto plazo - 16. JIT, TPS y operaciones esbeltas - 17. Mantenimiento y confiabilidad - | ||
| 041 | _aspa | ||
| 942 | _cBK | ||
| 590 | _aniveau_biblio:m niveau_hierar:0 | ||
| 100 | 1 | _aHeizer, Jay | |
| 700 | 1 | _aRender, Barry | |
| 856 | 4 | 1 |
_uhttps://www.biblioeco.unsa.edu.ar/pmb/images/libros/L126887.jpg _yImagen de portada _qimage/jpeg |
| 999 |
_c3803 _d3803 |
||